Countries most similar to Sao Tome and Principe - Statistics

General Stats
  • This quiz has been taken 26 times
  • The average score is 14 of 20
Answer Stats
Rank Country % Correct
1 Cape Verde
95%
6 Guinea
86%
15 Nigeria
86%
8 Gabon
81%
4 Angola
76%
16 Comoros
76%
2 Guinea-Bissau
76%
11 Togo
76%
12 Benin
71%
3 Equatorial Guinea
71%
18 Mauritius
67%
19 Seychelles
67%
13 Sierra Leone
67%
10 Gambia
62%
7 Senegal
62%
14 Liberia
57%
5 Mozambique
57%
9 Ivory Coast
52%
17 Madagascar
43%
20 Tanzania
33%
No matching quizzes found
Score Distribution
Percent of People with Each Score
Percentile by Number Answered
Your Score History
You have not taken this quiz